| 000 | 00406nam a22001697a 4500 | ||
|---|---|---|---|
| 003 | MACL | ||
| 005 | 20160115170439.0 | ||
| 008 | 160115b xxu||||| |||| 00| 0 eng d | ||
| 040 | _cMACL | ||
| 041 | _aEnglish | ||
| 082 | _a300/TRI | ||
| 100 |
_aTripathy,S.N. _932726 |
||
| 245 | _aLiteracy for Tribal Women | ||
| 260 |
_aDelhi _bAbhijeet Publications _c2010 |
||
| 650 |
_aWomen _932727 |
||
| 942 |
_2ddc _cBK |
||
| 999 |
_c52531 _d52531 |
||